Energy policies of IEA countries 2003 review

Salvato in:
Dettagli Bibliografici
Ente Autore: OECD. International Energy Agency
Natura: Libro
Lingua:inglese
Pubblicazione: Paris OECD 2003
Soggetti:
Tags: Aggiungi Tag
Nessun Tag, puoi essere il primo ad aggiungerne!!

MARC

LEADER 00000nam a2200000 4500
001 0017632
005 20240315120604.7
020 |a 92-64-01480-2 
041 0 |a eng 
044 |a FR 
245 1 0 |a Energy policies of IEA countries  |b 2003 review 
264 1 |a Paris  |b OECD  |c 2003 
300 |a 393 s. 
610 2 0 |a energetika 
610 2 0 |a trh energetický 
610 2 0 |a reformy 
610 2 0 |a zmeny klimatické 
610 2 0 |a technológia 
610 2 0 |a efektívnosť 
610 2 0 |a údaje štatistické 
610 2 0 |a porovnanie medzinárodné 
610 2 0 |a energia elektrická 
610 2 0 |a spotreba energie 
610 2 0 |a svet 
710 2 |a OECD. International Energy Agency